00664nam a2200181Ia 4500003000900000008004100009040001300050040001300063041000800076100001900084245005300103250001200156260001600168260000900184300001200193490000600205600027100211IT-RoPAU120407s9999 xx 000 0 und d aIT-RoPAU cIT-RoPAU aita aBenhard Haring aLa legge di Cristo. Trattato di Teologia Morale. aBrescia aMorcelliana c1962 c23,5 cm v3 a"1° v. Morale generale. Struttura fondamentale dell’esistenza cristiana. 3a ed. 622 pag. 2° v. Morale speciale, vita in comunione con dio e col prossimo. 2a ed. 566 pag. 3° v. Morale speciale. L’assenso alla sovranità d’amore di Dio. 2a ed. 750 pag."